Quiz O Państwach (Łatwy) - Statystyki

Ogólne statystyki
  • Ten quiz został rozwiązany 143 razy
  • Średni wynik to 10 z 15
Statystyki odpowiedzi
Pytanie Odpowiedź % Poprawnych
Ile sąsiadów ma Polska 7
95%
Największe państwo świata Rosja
95%
Najmniejsze państwo świata Watykan
94%
Co jest stolicą Grecji? Ateny
92%
Stolica Belgi Bruksela
85%
Ile jest państw we Włoszech? 2
83%
Ile swoich głównych wysp ma Japonia 4
77%
Do kogo należy Grenlandia? Dania
76%
Rozwiń skrót ZEA Zjednoczone Emiraty Arabskie
75%
Ile jest stanów w Stanach Zjednoczonych? 50
70%
Największa Wyspa Grenlandia
68%
Jaki kraj ma najwięcej drzew? Brazylia
38%
Najbogatszy kraj na świecie(PKB na mieszkańca) Luksemburg
38%
Największy półwysep na świecie Arabski
30%
Jaki kraj swoją flagą przypomina X-boxa? Kirgistan
26%
Nie znaleziono quizów pasujących do podanych kryteriów
Rozkład punktacji
Procent ludzi z każdym wynikiem
Percentyl według liczby udzielonych odpowiedzi
Twoja historia wyników
Nie rozwiązałeś tego quizu